Một số vấn đề phương pháp luận lãnh đạo chiến tranh và quy luật chiến tranh ( Sách tham khảo )

Tallennettuna:
Bibliografiset tiedot
Päätekijä: Hoàng Minh Thảo
Aineistotyyppi: Kirja
Kieli:Undetermined
Julkaistu: H. CTQG 2003
Aiheet:
Tagit: Lisää tagi
Ei tageja, Lisää ensimmäinen tagi!
Thư viện lưu trữ: Trung tâm Học liệu Trường Đại học Cần Thơ
LEADER 00591nam a2200181Ia 4500
001 CTU_55458
008 210402s9999 xx 000 0 und d
020 |b 10000 
082 |a 355.001 
082 |b Th108 
100 |a Hoàng Minh Thảo 
245 0 |a Một số vấn đề phương pháp luận lãnh đạo chiến tranh và quy luật chiến tranh ( Sách tham khảo ) 
245 0 |c Hoàng Minh Thảo 
260 |a H. 
260 |b CTQG 
260 |c 2003 
650 |a military art and science,war 
980 |a Trung tâm Học liệu Trường Đại học Cần Thơ